Теория слияний и поглощений (в схемах и таблицах): учебное пособие для вузов

Bibliographic Details
Other Authors: Эскиндаров М. А. Мухадин Абдурахманович, Беляева И. Ю. Ирина Юрьевна, Жданов А. Ю. Алексей Юрьевич, Пухова М. М. Марина Михайловна
Summary:Отражены такие вопросы, как формирование и функционирование интегрированных корпоративных структур в отечественной экономике, международные волны слияний и поглощений, специфика отечественного рынка слияний и поглощений, место и роль корпоративного управления в реформировании компании путем слияний и поглощений, организация процесса реструктуризации корпоративной структуры путем слияний (поглощений) и др. Соответствует Федеральному государственному образовательному стандарту высшего профессионального образования третьего поколения. Для студентов бакалавриата, обучающихся по направлениям «Менеджмент», «Экономика». Может быть полезно практикам при разработке проектов реструктуризации компании путем слияний и поглощений.
Language:Russian
Published: Москва, КноРус, 2013
Series:Бакалавриат
Subjects:
Format: Book
KOHA link:https://koha.lib.tpu.ru/cgi-bin/koha/opac-detail.pl?biblionumber=232884

MARC

LEADER 00000nam0a2200000 4500
001 232884
005 20231101231215.0
010 |a 9785406024737 
035 |a (RuTPU)RU\TPU\book\253941 
090 |a 232884 
100 |a 20130220d2013 m y0rusy50 ca 
101 0 |a rus 
102 |a RU 
105 |a y j 001zy 
200 1 |a Теория слияний и поглощений (в схемах и таблицах)  |e учебное пособие для вузов  |f М. А. Эскиндаров [и др.] 
210 |a Москва  |c КноРус  |d 2013 
215 |a 226 с.  |c ил. 
225 1 |a Бакалавриат 
320 |a Библиогр.: с. 225-226. 
330 |a Отражены такие вопросы, как формирование и функционирование интегрированных корпоративных структур в отечественной экономике, международные волны слияний и поглощений, специфика отечественного рынка слияний и поглощений, место и роль корпоративного управления в реформировании компании путем слияний и поглощений, организация процесса реструктуризации корпоративной структуры путем слияний (поглощений) и др. Соответствует Федеральному государственному образовательному стандарту высшего профессионального образования третьего поколения. Для студентов бакалавриата, обучающихся по направлениям «Менеджмент», «Экономика». Может быть полезно практикам при разработке проектов реструктуризации компании путем слияний и поглощений. 
606 1 |a Предприятия  |x Реструктуризация  |2 stltpush  |3 (RuTPU)RU\TPU\subj\36680  |9 57973 
610 1 |a корпоративные структуры 
610 1 |a корпоративное управление 
610 1 |a слияния 
610 1 |a поглощение 
610 1 |a интегрированные структуры 
610 1 |a международный рынок 
610 1 |a реформирование 
610 1 |a компании 
610 1 |a учебные пособия 
610 1 |a схемы 
610 1 |a таблицы 
686 |a У9(2)29я73  |v LBC/SL-A  |2 rubbk 
701 1 |a Эскиндаров  |b М. А.  |g Мухадин Абдурахманович 
701 1 |a Беляева  |b И. Ю.  |g Ирина Юрьевна 
701 1 |a Жданов  |b А. Ю.  |g Алексей Юрьевич 
701 1 |a Пухова  |b М. М.  |g Марина Михайловна 
801 1 |a RU  |b 63413507  |c 20130220 
801 2 |a RU  |b 63413507  |c 20150527  |g RCR 
900 |a Корпоративное управление 
942 |c BK 
951 |b 080100 
959 |a 37/20130218  |d 5  |e 370,00  |f ЧЗТЛ:1  |f АНЛ:1  |f УФ:3